| 000 | 00641nam a2200217Ia 4500 | ||
|---|---|---|---|
| 003 | OSt | ||
| 005 | 20250218151612.0 | ||
| 008 | 210210b1939 xxu||||| |||| 00| 0 eng d | ||
| 040 | _cAL | ||
| 041 | _ahin | ||
| 082 | _a864/73 | ||
| 100 |
_aBHAKSHI (Padumal) _9200874 |
||
| 110 |
_bभक्षी पदुमल _9200875 |
||
| 245 |
_aSahitya siksha: _bसाहित्य शिक्षा |
||
| 260 |
_aBambai _bHindi Granth Ratnakar _c1939 |
||
| 690 |
_aHindi Criticism _9200876 |
||
| 700 |
_aMODI (Hemachandra) _9200877 |
||
| 710 |
_bमोदी हेमचन्द्रा _9200878 |
||
| 906 | _a023609 | ||
| 942 |
_2ddc _cBK |
||
| 999 |
_c148578 _d148578 |
||